[Event "Asia-ch Blitz U20 Girls"]
[Site "Jamshedpur"]
[Date "2023.09.15"]
[Round "7"]
[White "Patil, Disha"]
[Black "Sherali, Pattnaik"]
[Result "0-1"]
[WhiteElo "1617"]
[BlackElo "1349"]
[PlyCount "90"]
[EventDate "2023.09.15"]
[EventType "swiss (blitz)"]
[EventRounds "9"]
[EventCountry "IND"]
[SourceTitle "EXT 2024"]
[Source "ChessBase"]
[SourceDate "2023.10.10"]
[SourceVersion "1"]
[SourceVersionDate "2023.10.10"]
[SourceQuality "1"]

1. e4 e6 2. d4 d5 3. e5 c5 4. c3 Nc6 5. Nf3 Qb6 6. a3 Nge7 7. b4 cxd4 8. cxd4 Nf5 9. Be3 Be7 10. Be2 0-0 11. 0-0 f6 12. Nc3 fxe5 13. Na4 Qc7 14. dxe5 Nxe3 15. fxe3 Nxe5 16. Rc1 Qd6 17. Nxe5 Qxe5 18. Qd4 Qg5 19. Rxf8+ Bxf8 20. Nc5 b6 21. Nd3 Bb7 22. Rc7 Rb8 23. Nf4 e5 24. Qd2 exf4 25. exf4 Qd8 26. Rc1 d4 27. Qa2+ Qd5 28. Bc4 Rd8 29. Bxd5+ Bxd5 30. Qd2 Be4 31. Rc7 a6 32. g3 Bd6 33. Rc1 Bf8 34. Re1 Bg6 35. Re6 Bf7 36. Rxb6 Bc4 37. Rc6 Bb5 38. Rc7 Bd6 39. Rc1 Bf8 40. Re1 d3 41. Re5 g6 42. Kf2 Bg7 43. Re7 Rc8 44. Re6 Rc2 45. Ke1 Bc3 0-1

[Event "Asia-ch U20 Girls"]
[Site "Jamshedpur"]
[Date "2023.09.15"]
[Round "9"]
[White "Sherali, Pattnaik"]
[Black "Sachi, Jain"]
[Result "0-1"]
[WhiteElo "1478"]
[BlackElo "1756"]
[PlyCount "130"]
[EventDate "2023.09.09"]
[EventType "swiss"]
[EventRounds "9"]
[EventCountry "IND"]
[SourceTitle "EXT 2024"]
[Source "ChessBase"]
[SourceDate "2023.10.10"]
[SourceVersion "1"]
[SourceVersionDate "2023.10.10"]
[SourceQuality "1"]

1. e4 e5 2. Nf3 Nc6 3. Bb5 a6 4. Ba4 Nf6 5. d3 b5 6. Bb3 d6 7. c3 Be7 8. Bc2 0-0 9. 0-0 Na5 10. b4 Nb7 11. d4 Bg4 12. dxe5 Bxf3 13. Qxf3 dxe5 14. Qg3 Bd6 15. Bg5 Qe7 16. Nd2 c5 17. Nf3 Qe6 18. a3 Rfc8 19. Bb1 h6 20. Ba2 c4 21. Bxf6 Qxf6 22. Rad1 a5 23. Bb1 axb4 24. axb4 Ra3 25. Ne1 Qg6 26. Qxg6 fxg6 27. Rd5 Rxc3 28. Rxb5 Nd8 29. Nc2 Nc6 30. Rb6 Bf8 31. h3 Kh7 32. b5 Nd4 33. Ne3 Rc5 34. Ba2 Rxb5 35. Rxb5 Nxb5 36. Bxc4 Na3 37. Bd5 Bc5 38. Re1 Bd4 39. Re2 Nb5 40. Nc2 Bc5 41. Ne1 Nd4 42. Re3 Rc1 43. Kh2 Nb5 44. Re2 Nc3 45. Rc2 Rxe1 46. Rxc3 Bxf2 47. Rc8 h5 48. Bg8+ Kh6 49. Bd5 Bg1+ 50. Kh1 Bf2+ 51. Kh2 h4 52. g4 Bg3+ 53. Kg2 Re2+ 54. Kg1 Rh2 55. Be6 Kg5 56. Rg8 Rxh3 57. Bd7 Rh2 58. Rxg7 Rd2 59. Rh7 Kf4 60. Rh6 Kf3 61. Bb5 Rd1+ 62. Bf1 Bf2+ 63. Kh2 Rxf1 64. Rxg6 Bg3+ 65. Kh3 Rh1# 0-1

[Event "Asia-ch U20 Girls"]
[Site "Jamshedpur"]
[Date "2023.09.10"]
[Round "2"]
[White "Mrudul, Dehankar"]
[Black "Sherali, Pattnaik"]
[Result "1-0"]
[WhiteElo "2059"]
[BlackElo "1478"]
[PlyCount "59"]
[EventDate "2023.09.09"]
[EventType "swiss"]
[EventRounds "9"]
[EventCountry "IND"]
[SourceTitle "EXT 2024"]
[Source "ChessBase"]
[SourceDate "2023.10.10"]
[SourceVersion "1"]
[SourceVersionDate "2023.10.10"]
[SourceQuality "1"]

1. e4 e6 2. d4 d5 3. e5 c5 4. c3 Nc6 5. Nf3 Qb6 6. Bd3 cxd4 7. 0-0 Bd7 8. Re1 Nge7 9. Nbd2 Ng6 10. Nb3 dxc3 11. bxc3 Be7 12. Rb1 a6 13. Qe2 0-0 14. h4 Rfc8 15. h5 Nf8 16. Nh2 f6 17. Be3 Qc7 18. exf6 Bxf6 19. Nc5 Nd8 20. h6 Be8 21. Ng4 Bxc3 22. Rec1 d4 23. hxg7 Qxg7 24. Bh6 Qf7 25. Ne4 Nc6 26. Bg5 Qc7 27. Nh6+ Kg7 28. Bf6+ Kxh6 29. Qg4 Qa5 30. Bg7# 1-0

[Event "Asia-ch Rapid U20 Girls"]
[Site "Jamshedpur"]
[Date "2023.09.08"]
[Round "3"]
[White "Sherali, Pattnaik"]
[Black "Sasvatha, A."]
[Result "1/2-1/2"]
[WhiteElo "1349"]
[BlackElo "1559"]
[PlyCount "179"]
[EventDate "2023.09.08"]
[EventType "swiss (rapid)"]
[EventRounds "9"]
[EventCountry "IND"]
[SourceTitle "EXT 2024"]
[Source "ChessBase"]
[SourceDate "2023.10.10"]
[SourceVersion "1"]
[SourceVersionDate "2023.10.10"]
[SourceQuality "1"]

1. e4 c6 2. d4 d5 3. Nd2 a6 4. Ngf3 Bg4 5. Be2 e6 6. 0-0 Be7 7. Ne5 Bxe2 8. Qxe2 dxe4 9. Qxe4 Nf6 10. Qd3 Nbd7 11. f4 c5 12. Ndf3 cxd4 13. Nxd4 Bc5 14. c3 Nxe5 15. fxe5 Bxd4+ 16. cxd4 Nd5 17. b3 0-0 18. Ba3 Re8 19. Bd6 Rc8 20. Rac1 Qd7 21. Rc4 Rc6 22. Rfc1 Rec8 23. h4 h6 24. Rc5 b6 25. R5c4 Qb7 26. Kh2 b5 27. Rc5 Rxc5 28. dxc5 Qc6 29. Rf1 Rd8 30. Qf3 Rd7 31. g4 Nb4 32. Qxc6 Nxc6 33. Kg2 Kh7 34. Kf3 Kg6 35. Ke4 f6 36. exf6 gxf6 37. Re1 Nb4 38. a3 Nc6 39. Kf4 Nd4 40. b4 Kf7 41. Ke4 Nc2 42. Rc1 Nxa3 43. c6 Rd8 44. c7 Rc8 45. Ra1 Nc4 46. Rxa6 Nxd6+ 47. Rxd6 Rxc7 48. Rb6 Rc4+ 49. Kf3 Rxb4 50. Rb7+ Kg6 51. h5+ Kg5 52. Rg7+ Kh4 53. Rg6 Rb3+ 54. Kf4 Rb4+ 55. Kf3 f5 56. gxf5 exf5 57. Rxh6 Kg5 58. Rh8 Rh4 59. Rb8 b4 60. Rb5 Rxh5 61. Rxb4 Rh3+ 62. Kg2 Re3 63. Kf2 Re6 64. Kf3 Rd6 65. Rb5 Rd3+ 66. Ke2 Rd4 67. Kf3 Ra4 68. Rc5 Ra3+ 69. Kf2 Kg4 70. Rc8 Ra2+ 71. Kf1 f4 72. Rc3 Rd2 73. Ke1 Rh2 74. Kf1 Ra2 75. Rb3 Rh2 76. Kg1 Ra2 77. Kf1 Ra4 78. Kf2 Rd4 79. Ra3 Kf5 80. Kf3 Rd5 81. Rb3 Ke5 82. Ra3 Kf5 83. Rb3 Kg5 84. Ra3 Rd4 85. Ra5+ Kh4 86. Ra1 Kg5 87. Ra5+ Kf6 88. Ra6+ Ke5 89. Ra5+ Kd6 90. Rf5 1/2-1/2

[Event "Asia-ch Rapid U20 Girls"]
[Site "Jamshedpur"]
[Date "2023.09.08"]
[Round "9"]
[White "Shubhi, Gupta"]
[Black "Sherali, Pattnaik"]
[Result "1-0"]
[WhiteElo "1715"]
[BlackElo "1349"]
[PlyCount "119"]
[EventDate "2023.09.08"]
[EventType "swiss (rapid)"]
[EventRounds "9"]
[EventCountry "IND"]
[SourceTitle "EXT 2024"]
[Source "ChessBase"]
[SourceDate "2023.10.10"]
[SourceVersion "1"]
[SourceVersionDate "2023.10.10"]
[SourceQuality "1"]

1. d4 Nf6 2. Nf3 d5 3. Bg5 Nbd7 4. e3 e6 5. Bd3 Be7 6. c3 0-0 7. Nbd2 b6 8. 0-0 Bb7 9. Ne5 Nxe5 10. dxe5 Nd7 11. Bxe7 Qxe7 12. f4 Rfd8 13. Qh5 g6 14. Qh3 Nc5 15. Bc2 Ba6 16. Rf3 Nd7 17. Qh6 Qf8 18. Qh4 Qc5 19. Rh3 Nf8 20. Re1 b5 21. Bb1 b4 22. cxb4 Qxb4 23. Nf3 d4 24. exd4 Qxb2 25. Ng5 Bb7 26. Be4 Qxd4+ 27. Kh1 Bxe4 28. Nxe4 f5 29. Nf6+ Kf7 30. Nxh7 Qd2 31. Qf6+ Kg8 32. Rg1 Qd7 33. Nxf8 Qg7 34. Qxg7+ Kxg7 35. Nxe6+ Kf7 36. Nxd8+ Rxd8 37. Rh7+ Ke6 38. Rxc7 Rd2 39. h3 Rxa2 40. Rd1 Ra6 41. Rd6+ Rxd6 42. exd6 Kxd6 43. Rxa7 Kd5 44. Ra6 Ke4 45. g3 Kf3 46. Kh2 Kf2 47. Rxg6 Kf3 48. h4 Kf2 49. h5 Kf3 50. h6 Kf2 51. h7 Kf3 52. h8Q Kf2 53. Qb2+ Kf3 54. Qg2+ Ke3 55. Re6+ Kd4 56. Qd2+ Kc5 57. Re5+ Kc6 58. Qd5+ Kc7 59. Re7+ Kc8 60. Qa8# 1-0

[Event "Asia-ch Rapid U20 Girls"]
[Site "Jamshedpur"]
[Date "2023.09.08"]
[Round "8"]
[White "Sultanbek, Zeinep"]
[Black "Sherali, Pattnaik"]
[Result "1-0"]
[WhiteElo "2038"]
[BlackElo "1349"]
[PlyCount "79"]
[EventDate "2023.09.08"]
[EventType "swiss (rapid)"]
[EventRounds "9"]
[EventCountry "IND"]
[SourceTitle "EXT 2024"]
[Source "ChessBase"]
[SourceDate "2023.10.10"]
[SourceVersion "1"]
[SourceVersionDate "2023.10.10"]
[SourceQuality "1"]

1. Nf3 d5 2. g3 Nf6 3. Bg2 c5 4. 0-0 Nc6 5. d4 cxd4 6. Nxd4 e5 7. Nxc6 bxc6 8. c4 Be7 9. Nc3 Bb7 10. Bg5 d4 11. Na4 0-0 12. Bxf6 Bxf6 13. Nc5 Qe7 14. b4 Rab8 15. Nxb7 Rxb7 16. Bxc6 Rxb4 17. Bd5 Rfb8 18. Qd3 Rb2 19. Rab1 Qb4 20. Be4 g6 21. Rxb2 Qxb2 22. Qf3 Qxa2 23. Qxf6 Qxe2 24. Qxe5 Rd8 25. Qc7 Re8 26. Bd5 Re7 27. Qd8+ Kg7 28. Bf3 Qe5 29. Rd1 Qf6 30. Qxd4 Re1+ 31. Kg2 Qxd4 32. Rxd4 a5 33. c5 Rc1 34. c6 Kf6 35. Rd7 Ke6 36. Bd5+ Ke5 37. f4+ Kf5 38. Rxf7+ Kg4 39. h3+ Kh5 40. Rxh7# 1-0

[Event "IND-ch (Women) 49th"]
[Site "Ahmedabad"]
[Date "2023.07.05"]
[Round "6"]
[White "Chitlange, Sakshi"]
[Black "Sherali, Pattnaik"]
[Result "1-0"]
[WhiteElo "2250"]
[BlackElo "1565"]
[PlyCount "91"]
[EventDate "2023.06.30"]
[EventType "swiss"]
[EventRounds "11"]
[EventCountry "IND"]
[SourceTitle "CBM 215 Extra"]
[Source "ChessBase"]
[SourceDate "2023.09.30"]
[SourceVersion "1"]
[SourceVersionDate "2023.09.30"]
[SourceQuality "1"]

1. d4 Nf6 2. c4 e6 3. Nc3 d5 4. Nf3 Be7 5. Bf4 0-0 6. e3 b6 7. cxd5 exd5 8. Bd3 Re8 9. 0-0 a6 10. Rc1 c5 11. dxc5 bxc5 12. e4 d4 13. Na4 Bg4 14. h3 Be6 15. b3 Nbd7 16. Rc2 Bf8 17. Qd2 Nh5 18. Bh2 g6 19. Ng5 Ng7 20. f4 h6 21. Nf3 f5 22. Re1 a5 23. Ne5 Nxe5 24. fxe5 Qh4 25. Re2 Rac8 26. Qxa5 fxe4 27. Rxe4 Qe7 28. Qd2 Nf5 29. Nb6 Rb8 30. Nc4 h5 31. Bf4 Bd5 32. Re2 Qh4 33. Kh2 Qe7 34. Bxf5 gxf5 35. Nd6 Qh7 36. Rxc5 Be4 37. Qxd4 Red8 38. Qc4+ Kh8 39. Rc7 Qg6 40. Nf7+ Kg8 41. Nxd8+ Kh8 42. Nf7+ Kg8 43. Ng5+ Kh8 44. Nxe4 fxe4 45. Qxe4 Qe6 46. Qh7# 1-0

[Event "IND-ch (Women) 49th"]
[Site "Ahmedabad"]
[Date "2023.07.02"]
[Round "3"]
[White "Sherali, Pattnaik"]
[Black "Kiran, Manisha Mohanty"]
[Result "1-0"]
[WhiteElo "1565"]
[BlackElo "2049"]
[PlyCount "99"]
[EventDate "2023.06.30"]
[EventType "swiss"]
[EventRounds "11"]
[EventCountry "IND"]
[SourceTitle "CBM 215 Extra"]
[Source "ChessBase"]
[SourceDate "2023.09.30"]
[SourceVersion "1"]
[SourceVersionDate "2023.09.30"]
[SourceQuality "1"]

1. e4 c5 2. Nf3 d6 3. d4 cxd4 4. Nxd4 Nf6 5. Nc3 a6 6. Be3 e5 7. Nb3 Be7 8. f3 Be6 9. Qd2 h5 10. Nd5 Nxd5 11. exd5 Bf5 12. Be2 Bh4+ 13. g3 Be7 14. Rc1 Nd7 15. Na5 Rb8 16. c4 Nf6 17. b4 e4 18. Ba7 Rc8 19. Bd4 Qd7 20. Bxf6 Bxf6 21. fxe4 Bh3 22. c5 Qe7 23. Nc4 0-0 24. Nxd6 Bg5 25. Qc2 Bxc1 26. Nxc8 Rxc8 27. Bf3 Qg5 28. Qc3 Qe3+ 29. Qxe3 Bxe3 30. Ke2 Bg5 31. Kd3 g6 32. Kd4 f6 33. Rb1 Bd7 34. Be2 Re8 35. b5 axb5 36. Bxb5 Rxe4+ 37. Kxe4 Bf5+ 38. Kd4 Bxb1 39. Bd7 Kf8 40. Bc8 Bxa2 41. Bxb7 Ke7 42. Ba6 f5 43. d6+ Ke6 44. Bc8+ Kf7 45. c6 Be6 46. Ba6 Bd7 47. Bc4+ Ke8 48. c7 Kf8 49. Bb5 Bc8 50. d7 1-0

[Event "IND-ch U15 Girls 38th"]
[Site "New Delhi"]
[Date "2022.12.06"]
[Round "11"]
[White "Kashthuri Bhai, R."]
[Black "Sherali, Pattnaik"]
[Result "1/2-1/2"]
[WhiteElo "1600"]
[BlackElo "1489"]
[PlyCount "50"]
[EventDate "2022.11.28"]
[EventType "swiss"]
[EventRounds "11"]
[EventCountry "IND"]
[SourceTitle "EXT 2024"]
[Source "ChessBase"]
[SourceDate "2023.10.10"]
[SourceVersion "1"]
[SourceVersionDate "2023.10.10"]
[SourceQuality "1"]

1. e4 c5 2. Nf3 e6 3. d4 cxd4 4. Nxd4 a6 5. Nc3 Qc7 6. Bd3 Nf6 7. Bd2 Be7 8. Qf3 d6 9. Qg3 0-0 10. Bh6 Ne8 11. 0-0 Nd7 12. Kh1 Kh8 13. Be3 Nef6 14. f4 b5 15. a3 Bb7 16. Nb3 Nc5 17. Nxc5 dxc5 18. e5 Nd5 19. Nxd5 Bxd5 20. c3 Rad8 21. Bc2 Bc4 22. Qh3 Bd3 23. Bb3 Bc4 24. Bc2 Bd3 25. Bb3 Bc4 1/2-1/2

[Event "Eastern Asia-ch U12 Girls"]
[Site "Tornelo INT"]
[Date "2021.10.23"]
[Round "4"]
[White "Sherali, Pattnaik"]
[Black "Davari, Sara"]
[Result "0-1"]
[WhiteElo "1048"]
[BlackElo "1455"]
[PlyCount "110"]
[EventDate "2021.10.22"]
[EventType "swiss"]
[EventRounds "9"]
[EventCountry "NET"]
[SourceTitle "EXT 2023"]
[Source "ChessBase"]
[SourceDate "2022.10.05"]
[SourceVersion "1"]
[SourceVersionDate "2022.10.05"]
[SourceQuality "1"]

1. e4 e5 2. Nf3 Nf6 3. Nxe5 d6 4. Nf3 Nxe4 5. d4 d5 6. Be2 Bd6 7. 0-0 0-0 8. Nbd2 Bf5 9. Nxe4 Bxe4 10. Bd3 Nc6 11. c3 Re8 12. Ng5 h6 13. Nxe4 dxe4 14. Bc4 Na5 15. Bb3 Nxb3 16. axb3 Qh4 17. h3 f5 18. Ra5 Rf8 19. f4 Rf6 20. Qe1 Qxe1 21. Rxe1 a6 22. Be3 Kf7 23. d5 Rg8 24. Bd4 Bxf4 25. Rf1 Bd6 26. Bxf6 Kxf6 27. c4 b6 28. Rxa6 Ke5 29. g3 g5 30. Raa1 f4 31. g4 f3 32. Kh2 Kf4 33. Rae1 e3 34. Kg1 Bb4 35. Rc1 e2 36. c5 exf1Q+ 37. Kxf1 Bxc5 38. Rc4+ Kg3 39. Rc3 Re8 40. h4 gxh4 41. g5 hxg5 42. d6 Bxd6 43. Rc2 h3 44. b4 Bxb4 45. Rc1 Re1+ 46. Rxe1 Bxe1 47. Kxe1 h2 48. Kd2 h1Q 49. Ke3 f2 50. Kd4 f1Q 51. Ke5 Qe1+ 52. Kf6 Qf3+ 53. Kg7 Qe7+ 54. Kh6 Qff6+ 55. Kh5 Qh7# 0-1